000 00698nam a2200193Ia 4500
008 220216s9999 xx 000 0 und d
100 _aSuresh Kumar K K
245 0 _aPost-infectional changes of enzymes and proteins in Hevea brasiliensis and their role in resistance to Corynespora cassiicola
260 _bPreprints of Papers. International Natural Rubber Conference 13-14 November 2006, Vietnam, pp.440-449.
650 _aAmino acids
650 _aCinnamyl alcohol dehydrogenase
650 _aCorynespora cassiicola
650 _aHost defense
650 _aPhenylalanine ammonia lyase
650 _aProteins
650 _aTryosine ammonia lyase
700 _aJacob C K
942 _cJS
999 _c65361
_d65361